000 00649cam a22002293a 4500
001 5801
003 PGUSA
005 20140828083124.0
008 040601s2004||||xxu|||||s|||||000 p eng d
040 _aPGUSA
_beng
042 _adc
050 4 _aPT
100 1 _aMeyer, Conrad Ferdinand,
_d1825-1898
245 1 0 _aHuttens letzte Tage
_h[electronic resource] /
_cConrad Ferdinand Meyer
260 _bProject Gutenberg,
_c2004
506 _aPublic domain in the USA.
516 _aElectronic text
653 _aGerman poetry -- 19th century
830 0 _aProject Gutenberg
_v5801
856 4 0 _uhttp://www.gutenberg.org/ebooks/5801
942 _cEB
999 _c235129
_d235129